| 000 | 00444nam a2200157Ia 4500 | ||
|---|---|---|---|
| 999 |
_c32598 _d32598 |
||
| 003 | OSt | ||
| 005 | 20200611143630.0 | ||
| 008 | 190216s9999||||xx |||||||||||||| ||und|| | ||
| 040 | _coclc | ||
| 082 |
_a796.815 _bBAL/K |
||
| 100 |
_aBalakrishnan, P _92794 |
||
| 245 | 0 |
_aKalarippayattu / _cP Balakrishnan |
|
| 260 |
_bPoorna Pubs, _c1994. _aKozhikode: |
||
| 300 | _a187p | ||
| 942 |
_cBK _2ddc _h796.815 _iBAL/K _k796.815 _mBAL/K |
||